书目信息 |
| 题名: |
子恺风景画集
|
|
| 作者: | 丰子恺 绘 | |
| 分册: | ||
| 出版信息: | 北京 人民美术出版社 1983 |
|
| 页数: | 70页 | |
| 开本: | 19cm | |
| 丛书名: | ||
| 单 册: | ||
| 中图分类: | J221.8 | |
| 科图分类: | ||
| 主题词: | 中国画:风景画--中国--现代--画册 , 风景画:中国画--中国--现代--画册 , 绘画--中国 | |
| 电子资源: | ||
| ISBN: | ||
| 000 | 00717nam0 2200265 45 | |
| 001 | 0183003954 | |
| 005 | 20040518155814.1 | |
| 010 | @dCNY2.10 | |
| 091 | @a8027.7631 | |
| 100 | @a19950404d1983 em y0chiy0121 ea | |
| 101 | 0 | @achi |
| 102 | @aCN@b110000 | |
| 105 | @aa z 000yy | |
| 106 | @ar | |
| 200 | 10 | @a子恺风景画集@Azi kai feng jing hua ji@f丰子恺绘 |
| 210 | @a北京@c人民美术出版社@d1983 | |
| 215 | @a70页@c图@d19cm | |
| 606 | @a中国画:风景画@y中国@z现代@x画册 | |
| 606 | @a风景画:中国画@y中国@z现代@x画册 | |
| 606 | 0 | @a绘画@x中国 |
| 690 | @aJ221.8@v3 | |
| 701 | 0 | @a丰子恺@Afeng zi kai@4绘 |
| 801 | 0 | @aCN@b上海图书馆@c20040518 |
| 801 | 2 | @aCN@bNLC@c20040518 |
| 905 | @dJ221.8@e109@f1@b208709 | |
| 子恺风景画集/丰子恺绘.-北京:人民美术出版社,1983 |
| 70页:图;19cm |
| ISBN :CNY2.10 |
| ● |
| 相关链接 |
|
|
|
|
正题名:子恺风景画集
索取号:J221.8/109
 
预约/预借
| 序号 | 登录号 | 条形码 | 馆藏地/架位号 | 状态 | 备注 |
| 1 | 0177403 | 000793788 | 第一样本阅览室/ [索取号:J221.8/109] | 在馆 | |
| 2 | 0177539 | 000795786 | 第一借阅区/ [索取号:J221.8/109] | 在馆 | |
| 3 | 0208709 | 000793797 | 第一借阅区/ [索取号:J221.8/109] | 在馆 |